[Event "Turkey IS Bank Super League 2017"]
[Site "Darica-Kocaeli"]
[Date "2017.08.03"]
[Round "9"]
[White "Kamer, Kayra"]
[Black "Kesgin, Halit Kaan"]
[Result "1-0"]
[WhiteElo "2062"]
[BlackElo "2207"]
[Annotator "NA"]
[PlyCount "93"]
[EventType "team-tourn"]
[EventCountry "TUR"]
[SourceTitle "playchess.com"]
[Source "ChessBase"]
[SourceQuality "1"]
[TimeControl "40/5400+30:1800+30"]

{[%evp 8,91,10,32767,32767,32767,32767,32767,32767,32767,32767,32767,32767,32767,32767,32767,32767,32767,32767,32767,32767,32767,32767,32767,-71,32767,-82,-80,-66,-79,-61,-69,32767,-58,-72,-87,-95,-94,-95,-107,-91,32767,32767,32767,-95,-138,-108,-122,32767,32767,32767,32767,-99,-169,-170,-174,-191,-185,-114,-186,-127,32767,32767,-120,32767,32767,32767,32767,0,32767,32767,-63,32767,32767,32767,32767,32767,32767,204,32767,299,376,352,492,465,750]} 1. e4 {[%emt 0:00:30]} e6 {[%emt 0:01:00]} 2. d4 {[%emt 0:00:30]} d5 {[%emt 0:00:30]} 3. Nd2 {[%emt 0:00:00]} c5 {[%emt 0:00:30]} 4. Ngf3 {[%emt 0:01:00]} cxd4 {[%emt 0:00:00]} 5. Nxd4 {[%emt 0:00:00]} Nc6 {[%emt 0:00:00]} 6. Bb5 {[%emt 0:00:00]} Bd7 {[%emt 0:01:30]} 7. Nxc6 {[%emt 0:00:30]} Bxc6 {[%emt 0:00:00]} 8. Bxc6+ {[%emt 0:00:30]} bxc6 {[%emt 0:00:00]} 9. c4 {[%emt 0:00:00]} Nf6 {[%emt 0:01:30]} 10. Qa4 {[%emt 0:00:00] C07: Französische Verteidigung (Tarrasch-Variante)} Qd7 {[%emt 0:00:00]} 11. e5 {[%emt 0:02:30]} Ng8 {[%emt 0:00:00]} (11... Ng4 12. Nf3 f6 13. exf6 gxf6 14. cxd5 exd5 15. O-O Bd6 16. Bf4 c5 17. Rfe1+ Be7 18. Rxe7+ Kxe7 {1-0 (46) Anand,V (2803)-Bartel,M (2622) Berlin 2015}) 12. O-O {[%emt 0:00:30]} Ne7 {[%emt 0:00:30]} 13. cxd5 $146 {[%emt 0:00:30]} ({Vorgänger:} 13. Nf3 Nf5 14. Bd2 Bc5 15. Rac1 Bb6 16. Rfe1 Ne7 17. c5 Bd8 {½-½ (30) Kaczur,F (2431)-Kosic,D (2486) Budapest 2017}) 13... cxd5 {[%emt 0:01:30]} 14. Qxd7+ {[%emt 0:00:30]} Kxd7 {[%emt 0:00:30]} 15. Nb3 {[%emt 0:00:30]} Nc6 {[%emt 0:01:30]} 16. f4 {[%emt 0:00:30]} a5 {[%emt 0:07:30]} 17. Be3 {[%emt 0:00:30]} a4 {[%emt 0:01:30]} 18. Nc5+ {[%emt 0:00:30]} Bxc5 {[%emt 0:00:30]} 19. Bxc5 {[%emt 0:00:30]} Rhb8 {[%emt 0:00:30]} 20. Rf2 {[%emt 0:00:30]} Rb5 {[%emt 0:03:30]} 21. Bd6 {[%emt 0:01:30]} Na5 {[%emt 0:00:30]} 22. b3 {[%emt 0:04:30]} Nb7 {[%emt 0:00:30]} ({Much worse is} 22... axb3 23. axb3 Rc8 24. Rf3 $11) 23. bxa4 {[%emt 0:00:00]} Rxa4 {[%emt 0:00:00]} 24. Bf8 {[%emt 0:00:00]} g6 {[%emt 0:01:00]} 25. Rc1 {[%emt 0:04:30]} Na5 {[%emt 0:01:30]} 26. g4 {[%emt 0:01:30]} Nc4 {[%emt 0:07:30] [%clk 1:09]} 27. a3 {[%emt 0:01:30]} Rb8 {[%emt 0:15:30]} 28. Bb4 {[%emt 0:04:30]} Rba8 {[%emt 0:02:30]} 29. Rfc2 {[%emt 0:02:30]} R8a7 {[%emt 0:07:30]} 30. Rxc4 {[%emt 0:08:30]} (30. g5 $17) 30... dxc4 {[%emt 0:00:30]} 31. Rxc4 {[%emt 0:00:00]} Rc7 {[%emt 0:00:30]} 32. Rd4+ {[%emt 0:00:00]} Kc6 {[%emt 0:02:30]} 33. Kf2 {[%emt 0:03:30]} Ra8 {[%emt 0:05:30]} 34. Ke3 {[%emt 0:01:30]} Kb5 {[%emt 0:01:30]} 35. f5 {[%emt 0:00:00]} Rc4 {[%emt 0:04:30]} 36. Rd7 {[%emt 0:00:00]} Rxg4 {[%emt 0:00:00]} 37. f6 {[%emt 0:00:30]} Rg5 {[%emt 0:02:00]} 38. Bd6 {[%emt 0:01:30]} Rc8 {[%emt 0:08:30]} 39. Rxf7 {[%emt 0:00:30]} (39. Rb7+ $11 Ka6 40. Rxf7) 39... Rc3+ {[%emt 0:00:00]} 40. Kd4 {[%emt 0:00:00]} Rh3 {[%emt 0:01:00]} 41. a4+ {[%emt 0:06:00]} Kb6 {[%emt 0:01:30]} 42. a5+ {[%emt 0:00:30] [#]} Ka6 $2 {[%emt 0:02:30]} (42... Kb5 $1 $17 {[%cal Rg5g4] stays on course.} 43. Rb7+ Ka6 44. Rb6+ Kxa5) 43. Bb8 {[%emt 0:01:30]} Kxa5 {[%emt 0:05:30] [#]} 44. Kc5 $1 {[%emt 0:00:30]} Rc3+ {[%emt 0:00:30]} 45. Kd6 {[%emt 0:00:00]} Rd3+ {[%emt 0:02:30]} 46. Kxe6 $18 {[%emt 0:00:00]} Kb6 {[%emt 0:00:00]} 47. Rxh7 {[%emt 0:00:30]} 1-0

[Event "Turkey IS Bank Super League 2017"]
[Site "Darica-Kocaeli"]
[Date "2017.08.03"]
[Round "9"]
[White "Tarlabasi, Emirhan"]
[Black "Ozen, Deniz"]
[Result "0-1"]
[WhiteElo "2046"]
[BlackElo "2351"]
[Annotator "NA"]
[PlyCount "66"]
[EventType "team-tourn"]
[EventCountry "TUR"]
[SourceTitle "playchess.com"]
[Source "ChessBase"]
[SourceQuality "1"]
[TimeControl "40/5400+30:1800+30"]

1. d4 {[%emt 0:00:30]} d5 {[%emt 0:01:00]} 2. c4 {[%emt 0:00:30]} c6 {[%emt 0:00:30]} 3. e3 {[%emt 0:00:00]} Nf6 {[%emt 0:00:30]} 4. Nc3 {[%emt 0:00:00]} Bf5 {[%emt 0:00:00]} 5. cxd5 {[%emt 0:00:30]} cxd5 {[%emt 0:00:00]} 6. Qb3 {[%emt 0:00:00]} Nc6 {[%emt 0:01:30] D10: Slav Defence: 3 cxd5 (without early Nf3) and 3 Nc3} 7. Qxb7 {[%emt 0:03:00]} Bd7 {[%emt 0:00:30]} 8. Qb3 {[%emt 0:00:30]} Rb8 {[%emt 0:00:30]} 9. Qd1 {[%emt 0:00:30]} e5 {[%emt 0:00:00]} 10. Nf3 {[%emt 0:06:30]} Bd6 {[%emt 0:12:00]} 11. dxe5 {[%emt 0:08:30] LiveBook: 37 Games} Nxe5 {[%emt 0:01:30]} 12. Be2 {[%emt 0:06:30]} O-O {[%emt 0:05:30]} 13. O-O {[%emt 0:01:30] [%clk 1:08]} Qc7 {[%emt 0:11:30]} 14. h3 {[%emt 0:07:30] [#]} Qa5 $146 {[%emt 0:10:30]} ({Predecessor:} 14... Nxf3+ 15. Bxf3 {½-½ (30) Bacrot,E (2697)-Mamedov,R (2657) Berlin 2015}) 15. Nd4 {[%emt 0:06:30]} Rfd8 {[%emt 0:09:30]} 16. f4 {[%emt 0:17:30]} ({White should play} 16. Nb3 $16 Qc7 17. f4 (17. Nxd5 Nxd5 18. Qxd5 Bb4 $14)) 16... Nc4 {[%emt 0:03:30]} 17. Bxc4 {[%emt 0:22:22]} dxc4 {[%emt 0:00:30]} 18. Qe2 {[%emt 0:06:33]} Qc7 {[%emt 0:04:30]} 19. Rd1 {[%emt 0:05:46]} h6 {[%emt 0:02:30]} 20. Qf3 {[%emt 0:02:02]} Bc5 {[%emt 0:00:30]} 21. Kh1 {[%emt 0:02:52]} Bc8 {[%emt 0:08:30]} 22. Ndb5 {[%emt 0:00:49]} Qe7 {[%emt 0:03:30]} 23. Rxd8+ {[%emt 0:01:04]} Qxd8 {[%emt 0:00:30]} 24. e4 {[%emt 0:00:30]} a6 {[%emt 0:00:30]} 25. Na3 {[%emt 0:00:30]} Qd4 {[%emt 0:00:30]} 26. Qd1 {[%emt 0:00:00]} Qf2 {[%emt 0:03:30]} 27. Nxc4 {[%emt 0:00:28] [#]} Bg4 $19 {[%emt 0:02:17]} (27... Bxh3 $142 $1 {[%mdl 512]} 28. gxh3 {[#]} Nh5 $1 {[%mdl 512]}) 28. Be3 {[%emt 0:00:31]} Bxe3 {[%emt 0:00:21]} 29. Qf1 {[%emt 0:00:25]} Be6 {[%emt 0:00:41]} 30. Ne5 {[%emt 0:00:36]} Qxf1+ {[%emt 0:01:03]} 31. Rxf1 {[%emt 0:00:05]} Rxb2 {[%emt 0:00:19]} 32. Nd1 {[%emt 0:00:54]} Re2 {[%emt 0:00:06]} 33. Nf3 {[%emt 0:00:49]} Nxe4 {[%emt 0:00:09]} 0-1

[Event "Turkey IS Bank Super League 2017"]
[Site "Darica-Kocaeli"]
[Date "2017.08.03"]
[Round "9"]
[White "Unat, Can Haktan"]
[Black "Dolgun, Can"]
[Result "1-0"]
[WhiteElo "2006"]
[BlackElo "2104"]
[Annotator "NA"]
[PlyCount "99"]
[EventType "team-tourn"]
[EventCountry "TUR"]
[SourceTitle "playchess.com"]
[Source "ChessBase"]
[SourceQuality "1"]
[TimeControl "40/5400+30:1800+30"]

1. Nf3 {[%emt 0:00:30]} Nf6 {[%emt 0:01:00]} 2. g3 {[%emt 0:00:30]} g6 {[%emt 0:00:30]} 3. Bg2 {[%emt 0:00:00]} Bg7 {[%emt 0:00:00]} 4. b3 {[%emt 0:00:00]} O-O {[%emt 0:00:00]} 5. Bb2 {[%emt 0:00:30]} d6 {[%emt 0:00:30]} 6. d4 {[%emt 0:00:30]} e5 {[%emt 0:00:00]} 7. dxe5 {[%emt 0:06:30]} Nfd7 {[%emt 0:00:00]} 8. O-O {[%emt 0:02:30]} Nc6 {[%emt 0:01:30]} 9. c4 {[%emt 0:01:30]} Ndxe5 {[%emt 0:02:30]} 10. Nxe5 {[%emt 0:00:30] LiveBook: 19 Games} Nxe5 {[%emt 0:00:30]} 11. Nc3 {[%emt 0:00:30]} Be6 {[%emt 0:01:30] E60: King's Indian: Unusual lines and Fianchetto Variation without Nc3} (11... Re8 12. Qd2 Rb8 13. Rad1 Bg4 14. h3 Be6 15. Kh2 a6 {½-½ (15) Varga,Z (2476)-Akshayraj,K (2483) Budapest 2012}) 12. Qd2 {[%emt 0:01:30]} ({Don't play} 12. Bxb7 Nxc4 13. bxc4 Rb8 $11) 12... c6 {[%emt 0:09:30]} 13. Ne4 {[%emt 0:08:30]} d5 $146 {[%emt 0:09:30]} ({Predecessor:} 13... Qb6 14. Ba3 Rfd8 15. Bxd6 Bxc4 16. Rad1 Ba6 17. Qc2 f5 18. Ng5 Re8 19. Rfe1 {1-0 (38) Piotr,M-Smolovic,M Hallsberg 1991}) 14. Nc5 {[%emt 0:05:30] [%clk 1:08]} dxc4 {[%emt 0:08:30]} 15. Qxd8 {[%emt 0:00:00]} Rfxd8 {[%emt 0:00:30]} 16. Rad1 {[%emt 0:32:00]} cxb3 {[%emt 0:13:30]} 17. axb3 {[%emt 0:00:30]} Nd7 {[%emt 0:03:30]} 18. Nxe6 {[%emt 0:14:30]} fxe6 {[%emt 0:00:30]} 19. Bh3 {[%emt 0:02:30]} Nf8 {[%emt 0:03:30]} 20. Ba3 {[%emt 0:00:30]} Kf7 {[%emt 0:00:30]} 21. f4 {[%emt 0:01:30]} h6 {[%emt 0:10:30]} 22. e4 {[%emt 0:00:30]} Nh7 {[%emt 0:02:30]} 23. e5 {[%emt 0:04:32]} Bf8 {[%emt 0:01:30]} 24. Bb2 $15 {[%emt 0:03:31]} Bc5+ {[%emt 0:00:30]} 25. Kh1 {[%emt 0:00:24]} Ke7 {[%emt 0:02:30]} 26. Bc3 {[%emt 0:00:08]} a6 {[%emt 0:04:30]} 27. g4 {[%emt 0:05:59]} Nf8 {[%emt 0:04:45]} 28. f5 {[%emt 0:01:32]} g5 {[%emt 0:03:38]} 29. Bg2 {[%emt 0:00:38]} Rxd1 {[%emt 0:03:11]} 30. Rxd1 {[%emt 0:00:01]} Rd8 {[%emt 0:00:00]} 31. Rxd8 {[%emt 0:01:10]} Kxd8 {[%emt 0:00:09]} 32. h4 {[%emt 0:00:00]} Be3 {[%emt 0:01:12]} 33. Bb4 {[%emt 0:00:47]} Ke8 {[%emt 0:09:10]} 34. Be4 {[%emt 0:01:15]} c5 {[%emt 0:03:15]} 35. Ba5 {[%emt 0:00:31]} b5 {[%emt 0:01:56]} 36. hxg5 {[%emt 0:00:09]} hxg5 {[%emt 0:00:00]} 37. Bb7 {[%emt 0:00:00]} Ke7 {[%emt 0:00:54]} 38. Bxa6 {[%emt 0:01:02]} b4 {[%emt 0:00:07]} 39. Bc7 {[%emt 0:00:23]} Bd4 {[%emt 0:00:50]} 40. Bd6+ {[%emt 0:00:00]} Kf7 {[%emt 0:31:29]} 41. Bc4 {[%emt 0:01:28]} Ke8 {[%emt 0:00:00]} 42. fxe6 {[%emt 0:00:00]} Ng6 {[%emt 0:00:00]} 43. Bd3 {[%emt 0:00:00]} Ne7 {[%emt 0:00:00]} 44. Bb5+ {[%emt 0:01:30]} Kd8 {[%emt 0:00:00]} 45. Kg2 {[%emt 0:00:30]} Ng6 {[%emt 0:00:00]} 46. Kf3 {[%emt 0:01:30]} c4 {[%emt 0:00:00]} 47. Ke4 {[%emt 0:04:30]} c3 {[%emt 0:00:00]} 48. Bd3 {[%emt 0:00:30]} Bb6 {[%emt 0:00:00]} 49. Bxb4 {[%emt 0:00:30]} Nf4 {[%emt 0:00:00]} 50. e7+ {[%emt 0:00:30]} 1-0

[Event "Turkey IS Bank Super League 2017"]
[Site "Darica-Kocaeli"]
[Date "2017.08.03"]
[Round "9"]
[White "Gundogan, Sinem Cagla"]
[Black "Duran, Esma Doga"]
[Result "1-0"]
[WhiteElo "2000"]
[BlackElo "1939"]
[Annotator "NA"]
[PlyCount "67"]
[EventType "team-tourn"]
[EventCountry "TUR"]
[SourceTitle "playchess.com"]
[Source "ChessBase"]
[SourceQuality "1"]
[TimeControl "40/5400+30:1800+30"]

1. e4 {[%emt 0:00:30]} e6 {[%emt 0:02:00]} 2. d4 {[%emt 0:00:30]} d5 {[%emt 0:00:00]} 3. Bd3 {[%emt 0:00:00]} Nf6 {[%emt 0:00:00]} 4. e5 {[%emt 0:03:00]} Nfd7 {[%emt 0:00:30]} 5. Nf3 {[%emt 0:00:30]} c5 {[%emt 0:01:30]} 6. c3 {[%emt 0:01:30]} Nc6 {[%emt 0:01:30]} 7. O-O {[%emt 0:07:30]} Qb6 {[%emt 0:03:30] LiveBook: 7 Games} 8. dxc5 {[%emt 0:05:30]} Bxc5 {[%emt 0:13:30]} 9. b4 {[%emt 0:00:30]} Be7 {[%emt 0:00:30]} 10. Re1 {[%emt 0:04:30] [%clk 1:11]} a5 {[%emt 0:21:30]} 11. b5 {[%emt 0:02:30]} Ncb8 {[%emt 0:03:30]} 12. a4 {[%emt 0:02:30]} Nc5 {[%emt 0:00:30]} 13. Bc2 {[%emt 0:00:30]} Nbd7 {[%emt 0:02:30]} 14. Na3 {[%emt 0:10:30]} Qd8 {[%emt 0:03:30]} 15. Nd4 {[%emt 0:03:30]} Nf8 $16 {[%emt 0:19:30]} 16. Qg4 {[%emt 0:09:30]} Ng6 {[%emt 0:00:30]} 17. f4 {[%emt 0:04:30]} O-O {[%emt 0:02:30]} 18. Be3 {[%emt 0:07:30]} f5 {[%emt 0:15:02]} 19. Qe2 {[%emt 0:06:30]} b6 {[%emt 0:06:49]} 20. c4 {[%emt 0:09:18]} Bb7 {[%emt 0:00:30]} 21. Rad1 {[%emt 0:00:30]} Qc8 {[%emt 0:00:30]} 22. cxd5 {[%emt 0:00:30]} exd5 {[%emt 0:00:30]} 23. Nb1 {[%emt 0:00:30]} Ne4 {[%emt 0:00:10]} 24. Bxe4 {[%emt 0:07:41]} dxe4 {[%emt 0:00:02]} 25. Qa2+ {[%emt 0:00:44]} Rf7 {[%emt 0:01:04]} 26. Rc1 {[%emt 0:02:13]} Bc5 {[%emt 0:00:48]} 27. Red1 {[%emt 0:04:00]} Qe8 {[%emt 0:00:35]} 28. Rxc5 {[%emt 0:04:41]} bxc5 {[%emt 0:00:30]} 29. Nxf5 {[%emt 0:00:00]} Qf8 {[%emt 0:00:44]} 30. Nd6 {[%emt 0:00:24]} Rb8 {[%emt 0:00:20]} 31. Bxc5 {[%emt 0:01:23]} Ne7 {[%emt 0:00:37]} 32. Nxf7 {[%emt 0:00:57]} Qxf7 {[%emt 0:00:30]} 33. Qxf7+ {[%emt 0:00:30]} Kxf7 {[%emt 0:00:00]} 34. Rd7 {[%emt 0:00:00]} 1-0

[Event "Turkey IS Bank Super League 2017"]
[Site "Darica-Kocaeli"]
[Date "2017.08.03"]
[Round "9"]
[White "Ozbay, Ece"]
[Black "Yassibag, Ipek Asli"]
[Result "1-0"]
[WhiteElo "1970"]
[BlackElo "1880"]
[Annotator "NA"]
[PlyCount "61"]
[EventType "team-tourn"]
[EventCountry "TUR"]
[SourceTitle "playchess.com"]
[Source "ChessBase"]
[SourceQuality "1"]
[TimeControl "40/5400+30:1800+30"]

1. e4 {[%emt 0:01:30]} d5 {[%emt 0:01:00]} 2. exd5 {[%emt 0:00:00]} Nf6 {[%emt 0:00:30]} 3. Bb5+ {[%emt 0:00:00]} Bd7 {[%emt 0:00:30]} 4. Bc4 {[%emt 0:00:00]} Bg4 {[%emt 0:02:30]} 5. f3 {[%emt 0:00:00]} Bf5 {[%emt 0:00:30]} 6. g4 {[%emt 0:00:30] B01: Scandinavian Defence} (6. Nc3 Nbd7 7. g4 Nb6 8. b3 Bc8 9. Bb2 Nfxd5 10. Nxd5 Nxd5 11. Qe2 e6 12. O-O-O b6 13. Nh3 Bb7 14. f4 Bd6 15. f5 Qe7 16. Bxg7 {1-0 (40) Caruana,F (2795)-Akobian,V (2615) Saint Louis 2016}) 6... Bg6 {[%emt 0:00:30]} 7. Nc3 {[%emt 0:00:30]} Nbd7 {[%emt 0:03:30]} 8. f4 {[%emt 0:01:30]} Be4 {[%emt 0:06:30]} 9. Nf3 $146 {[%emt 0:10:30]} ({Predecessor:} 9. Nxe4 Nxe4 10. Qf3 Nd6 11. Bb3 a5 12. a3 h5 13. g5 g6 {1-0 (52) Oleksienko,M (2509)-Ragot,N (2203) Guingamp 2006}) 9... Nb6 {[%emt 0:05:30]} 10. Bb5+ {[%emt 0:12:30]} c6 {[%emt 0:02:30]} 11. dxc6 {[%emt 0:00:30]} Bxc6 {[%emt 0:02:30] [%clk 1:10]} 12. Bxc6+ {[%emt 0:07:30]} bxc6 {[%emt 0:00:30]} 13. Ne5 {[%emt 0:00:00]} Qc7 {[%emt 0:04:30]} 14. Qf3 {[%emt 0:11:00]} Rc8 {[%emt 0:04:30]} 15. b3 {[%emt 0:09:30]} e6 {[%emt 0:01:30]} 16. Bb2 {[%emt 0:00:30]} Bd6 {[%emt 0:04:30]} 17. Ne2 {[%emt 0:01:30]} Nfd5 {[%emt 0:02:30]} 18. Nd3 {[%emt 0:05:30]} f6 $18 {[%emt 0:06:30]} (18... O-O $142 19. c4 Nb4) 19. O-O {[%emt 0:03:30]} c5 {[%emt 0:01:30]} 20. c4 {[%emt 0:01:30]} Ne7 {[%emt 0:05:30]} 21. Ng3 {[%emt 0:00:30]} Ng6 {[%emt 0:03:30]} 22. Qe4 {[%emt 0:05:30]} Qe7 {[%emt 0:05:30]} 23. f5 {[%emt 0:07:30]} Nf8 {[%emt 0:03:30]} 24. fxe6 {[%emt 0:00:30]} Bxg3 {[%emt 0:01:30]} 25. hxg3 {[%emt 0:00:30]} Nxe6 {[%emt 0:06:30]} 26. Rae1 {[%emt 0:00:50]} Kd7 {[%emt 0:01:30]} 27. Re3 {[%emt 0:11:47]} Qd6 {[%emt 0:22:38]} 28. Qf5 {[%emt 0:03:59]} g6 {[%emt 0:01:26]} 29. Qxf6 {[%emt 0:00:42]} Rhf8 {[%emt 0:00:02]} 30. Ne5+ Ke8 {[%emt 0:00:27]} 31. Nf7 {[%emt 0:00:59]} 1-0

[Event "Turkey IS Bank Super League 2017"]
[Site "Darica-Kocaeli"]
[Date "2017.08.03"]
[Round "9"]
[White "Sumer, Gun"]
[Black "Secer, Ata"]
[Result "0-1"]
[WhiteElo "1965"]
[BlackElo "2301"]
[Annotator "NA"]
[PlyCount "72"]
[EventType "team-tourn"]
[EventCountry "TUR"]
[SourceTitle "playchess.com"]
[Source "ChessBase"]
[SourceQuality "1"]
[TimeControl "40/5400+30:1800+30"]

1. e4 {[%emt 0:00:30]} c5 {[%emt 0:03:00]} 2. Nf3 {[%emt 0:00:30]} e6 {[%emt 0:00:00]} 3. d4 {[%emt 0:00:30]} cxd4 {[%emt 0:00:00]} 4. Nxd4 {[%emt 0:00:30]} Nc6 {[%emt 0:00:00]} 5. Nc3 {[%emt 0:01:30]} Qc7 {[%emt 0:00:00]} 6. Ndb5 {[%emt 0:03:30]} Qb8 {[%emt 0:01:30]} 7. Be3 {[%emt 0:00:30]} a6 {[%emt 0:00:00]} 8. Bb6 {[%emt 0:01:30]} axb5 {[%emt 0:00:00]} 9. Nxb5 {[%emt 0:00:30]} Bb4+ {[%emt 0:00:30]} 10. c3 {[%emt 0:00:00]} Ba5 {[%emt 0:00:30] B47: Sicilian: Taimanov: 5 Nc3 Qc7 6 f4, 6 g3 and 6 Be2} 11. Nc7+ {[%emt 0:00:00]} Qxc7 {[%emt 0:00:30]} 12. Bxc7 {[%emt 0:00:00]} Bxc7 {[%emt 0:00:00]} 13. Be2 {[%emt 0:06:00]} Nf6 {[%emt 0:00:00]} 14. Qc2 {[%emt 0:00:30]} O-O {[%emt 0:01:30]} 15. O-O {[%emt 0:01:30]} d5 {[%emt 0:00:30]} 16. exd5 {[%emt 0:02:30]} exd5 {[%emt 0:00:00]} 17. a3 $146 {[%emt 0:08:30]} ({Predecessor:} 17. a4 Be6 18. Bb5 {1-0 (42) Chumpitaz Carbajal,A (2163)-Molina,R (2464) Medellin 2017}) 17... Be6 {[%emt 0:02:00]} 18. Bd3 {[%emt 0:09:30]} g6 {[%emt 0:02:30] [%clk 1:27]} 19. f4 {[%emt 0:12:30]} Ng4 {[%emt 0:06:30]} 20. f5 {[%emt 0:03:30]} Ne3 {[%emt 0:06:30]} 21. Qb3 {[%emt 0:01:30]} Na5 {[%emt 0:13:30]} ({Much worse is} 21... Nxf1 $6 22. fxe6 Ne3 23. Qxb7 $11) 22. Qb5 {[%emt 0:03:30]} Nxf5 {[%emt 0:14:30]} 23. Bxf5 {[%emt 0:03:30]} Bxf5 {[%emt 0:00:30]} ({Better is} 23... gxf5 $17 24. Qc5 Be5) 24. Rxf5 {[%emt 0:04:30]} gxf5 {[%emt 0:00:30]} 25. Qxd5 {[%emt 0:00:00]} Nc6 {[%emt 0:01:30]} 26. Qxf5 {[%emt 0:00:00]} Ne5 {[%emt 0:00:30]} 27. h4 {[%emt 0:07:30]} f6 {[%emt 0:02:30]} 28. Qe6+ {[%emt 0:03:30]} Kh8 {[%emt 0:00:30]} 29. Rf1 {[%emt 0:00:00]} Rae8 {[%emt 0:01:30]} 30. Qb3 {[%emt 0:01:00]} b6 {[%emt 0:01:30]} 31. Qb5 {[%emt 0:02:30] [#]} Ng4 $1 {[%emt 0:13:30]} 32. Qd7 {[%emt 0:07:11]} Bh2+ {[%emt 0:00:30]} 33. Kh1 {[%emt 0:00:00]} Re4 {[%emt 0:07:30]} 34. g3 {[%emt 0:05:56]} Rfe8 {[%emt 0:04:28]} 35. Rf4 {[%emt 0:05:14]} (35. Rf3 $17) 35... Re1+ {[%emt 0:01:24]} 36. Kg2 {[%emt 0:01:08]} Rg1+ {[%emt 0:00:09]} 0-1

[Event "Turkey IS Bank Super League 2017"]
[Site "Darica-Kocaeli"]
[Date "2017.08.03"]
[Round "9"]
[White "Tirak, Mert"]
[Black "Sevgi, Volkan"]
[Result "1-0"]
[WhiteElo "1909"]
[BlackElo "2199"]
[Annotator "ChessBase"]
[PlyCount "165"]
[EventType "team-tourn"]
[EventCountry "TUR"]
[SourceTitle "playchess.com"]
[Source "ChessBase"]
[SourceQuality "1"]
[TimeControl "40/5400+30:1800+30"]

1. e4 {[%emt 0:01:30]} c6 {[%emt 0:01:00]} 2. d4 {[%emt 0:00:00]} d5 {[%emt 0:00:30]} 3. Nc3 {[%emt 0:00:00]} dxe4 {[%emt 0:00:30]} 4. Nxe4 {[%emt 0:00:30]} Nf6 {[%emt 0:00:00]} 5. Nxf6+ {[%emt 0:00:00]} gxf6 {[%emt 0:00:00]} 6. c3 {[%emt 0:08:00]} Bf5 {[%emt 0:00:00]} 7. g3 {[%emt 0:07:30]} Qd5 {[%emt 0:06:00]} 8. Nf3 {[%emt 0:02:30]} Nd7 {[%emt 0:01:30]} 9. Bg2 {[%emt 0:00:00]} Qc4 {[%emt 0:00:30]} 10. Qb3 {[%emt 0:12:00]} Qa6 {[%emt 0:06:30] [%clk 1:19]} 11. Be3 {[%emt 0:13:30]} Nb6 {[%emt 0:02:30]} 12. Nd2 {[%emt 0:09:30]} Bd3 {[%emt 0:05:30]} 13. O-O-O {[%emt 0:13:30]} e6 {[%emt 0:25:30]} 14. Bf1 {[%emt 0:11:39]} Bxf1 {[%emt 0:04:30]} 15. Rhxf1 {[%emt 0:00:41]} O-O-O {[%emt 0:00:30]} 16. Kb1 {[%emt 0:01:27]} Rd5 {[%emt 0:02:30]} 17. c4 {[%emt 0:03:32]} Ra5 {[%emt 0:00:30]} 18. Rc1 {[%emt 0:04:00]} Be7 {[%emt 0:03:30]} 19. Rfd1 {[%emt 0:02:23]} Rd8 {[%emt 0:01:30]} 20. Ne4 {[%emt 0:01:09]} Nd7 {[%emt 0:19:19]} 21. d5 {[%emt 0:02:14]} c5 {[%emt 0:00:44]} 22. f4 {[%emt 0:04:38]} Qb6 {[%emt 0:01:36]} 23. Qxb6 {[%emt 0:00:28]} axb6 {[%emt 0:00:59]} 24. dxe6 {[%emt 0:00:30]} fxe6 {[%emt 0:00:30]} 25. Nd6+ {[%emt 0:00:00]} Bxd6 {[%emt 0:00:00]} 26. Rxd6 {[%emt 0:00:08]} Re8 {[%emt 0:00:00]} 27. Rcd1 {[%emt 0:01:12]} Re7 {[%emt 0:00:00]} 28. Bd2 {[%emt 0:00:15]} Ra8 {[%emt 0:00:29]} 29. Bc3 {[%emt 0:00:13]} Kc7 {[%emt 0:00:00]} 30. b3 {[%emt 0:01:31]} Rae8 {[%emt 0:00:00]} 31. R6d3 {[%emt 0:00:23]} e5 {[%emt 0:00:00]} 32. fxe5 {[%emt 0:00:19]} fxe5 {[%emt 0:00:20]} 33. Re3 {[%emt 0:00:30]} e4 {[%emt 0:00:30]} 34. g4 {[%emt 0:00:30]} Rf8 {[%emt 0:00:30]} 35. g5 {[%emt 0:00:30]} Nb8 {[%emt 0:00:30]} 36. h4 {[%emt 0:00:30]} Rf5 {[%emt 0:00:30]} 37. Rde1 {[%emt 0:00:30]} Rf4 {[%emt 0:00:30]} 38. h5 {[%emt 0:00:00]} Rg4 {[%emt 0:06:07]} 39. g6 {[%emt 0:00:50]} hxg6 {[%emt 0:01:16]} 40. h6 {[%emt 0:00:00]} Nd7 {[%emt 0:02:40]} 41. Bg7 {[%emt 0:12:16]} Rh4 {[%emt 0:00:30]} 42. Rg1 {[%emt 0:01:01]} Rf7 {[%emt 0:04:30]} 43. Re2 {[%emt 0:03:37]} Nf8 {[%emt 0:13:30]} 44. Rge1 {[%emt 0:03:33]} Nh7 {[%emt 0:07:54]} 45. Rxe4 {[%emt 0:00:40]} Rxe4 {[%emt 0:00:30]} 46. Rxe4 {[%emt 0:00:00]} Kd7 {[%emt 0:00:00]} 47. Re2 {[%emt 0:02:41]} g5 {[%emt 0:02:24]} 48. Kb2 {[%emt 0:04:41]} g4 {[%emt 0:01:12]} 49. Ka3 {[%emt 0:03:10]} b5 {[%emt 0:09:26]} 50. cxb5 {[%emt 0:00:30]} b6 {[%emt 0:00:30]} 51. Rg2 {[%emt 0:00:30]} Rf4 {[%emt 0:00:30]} 52. Re2 {[%emt 0:03:00]} Rf5 {[%emt 0:01:25]} 53. Be5 {[%emt 0:00:45]} Rg5 {[%emt 0:02:24]} 54. Bf4 {[%emt 0:00:14]} Rf5 {[%emt 0:00:09]} 55. Be5 {[%emt 0:00:05]} Rg5 {[%emt 0:00:17]} 56. Bg3 {[%emt 0:00:19]} Rg6 {[%emt 0:00:00]} 57. Bf4 {[%emt 0:00:53]} Rf6 {[%emt 0:00:36]} 58. Bc1 {[%emt 0:00:28]} g3 {[%emt 0:01:04]} 59. Rg2 {[%emt 0:00:05]} Rf3 {[%emt 0:00:00]} 60. Bb2 {[%emt 0:00:43]} Ke6 {[%emt 0:00:33]} 61. Rg1 {[%emt 0:00:47]} Kf5 {[%emt 0:00:34]} 62. Bg7 {[%emt 0:00:10]} Re3 {[%emt 0:01:00]} 63. Ka4 {[%emt 0:01:02]} Re2 {[%emt 0:01:07]} 64. b4 {[%emt 0:00:10]} c4 {[%emt 0:01:25]} 65. Rxg3 {[%emt 0:00:41]} Rxa2+ {[%emt 0:01:03]} 66. Ra3 {[%emt 0:00:03]} Rd2 {[%emt 0:00:17]} 67. Rc3 {[%emt 0:00:12]} Ra2+ {[%emt 0:00:57]} 68. Ra3 {[%emt 0:00:05]} Rd2 {[%emt 0:00:34]} 69. Rc3 {[%emt 0:02:07]} Ra2+ {[%emt 0:00:34]} 70. Ra3 {[%emt 0:00:05]} Re2 {[%emt 0:00:31]} 71. Bd4 {[%emt 0:00:22]} Re6 {[%emt 0:00:32]} 72. Rc3 {[%emt 0:00:21]} Rxh6 {[%emt 0:00:29]} 73. Rxc4 {[%emt 0:00:10]} Rh4 {[%emt 0:00:24]} 74. Kb3 {[%emt 0:00:12]} Nf8 {[%emt 0:00:30]} 75. Bxb6 {[%emt 0:00:28]} Rxc4 {[%emt 0:00:32]} 76. Kxc4 {[%emt 0:00:05]} Ke6 {[%emt 0:00:00]} 77. Bc5 {[%emt 0:00:19]} Nd7 {[%emt 0:00:26]} 78. b6 {[%emt 0:00:09]} Nb8 {[%emt 0:01:02]} 79. b7 {[%emt 0:00:49]} Kd7 {[%emt 0:00:26]} 80. Ba7 {[%emt 0:00:04]} Kc7 {[%emt 0:00:05]} 81. Bxb8+ {[%emt 0:00:05]} Kxb8 {[%emt 0:00:10]} 82. Kc5 {[%emt 0:00:04]} Kc7 {[%emt 0:00:04]} 83. b8=Q+ {[%emt 0:00:10]} 1-0